Normal view
MARC view
- SUPERVISOR ALI SAEED
Entry Personal Name
001 - CONTROL NUMBER
- control field: 70645
003 - CONTROL NUMBER IDENTIFIER
- control field: NUST
005 - DATE AND TIME OF LATEST TRANSACTION
- control field: 20210628204530.0
008 - FIXED-LENGTH DATA ELEMENTS
- fixed length control field: 210628|| aca||aabn | a|a d
040 ## - CATALOGING SOURCE
- Original cataloging agency: NUST
- Transcribing agency: NUST
100 ## - HEADING--PERSONAL NAME
- Personal name: SUPERVISOR ALI SAEED
670 ## - SOURCE DATA FOUND
- Source citation: Work cat.: (NUST): NS ANZAH MEHMOOD NS SYED ASHER JAWAD 70643, PR-SOF-1840-REAL-TIME ELECTRICITY BILL ANALYST (REBA), 2019
